All European Football Leagues and Cups - Statistics

General Stats
  • This quiz has been taken 51 times
    48 since last reset
  • The average score is 17 of 37
Answer Stats
Hint Answer % Correct
English First Tier Premier League
100%
English Second Tier Championship
97%
Spanish First Tier LaLiga
97%
English Cup FA Cup
94%
German First Tier Bundesliga
91%
Italian First Tier Serie A
91%
Italian Second Tier Serie B
89%
English League Cup Carabao Cup
83%
Spanish Cup Copa del Rey
83%
French First Tier Ligue 1
83%
French Second Tier Ligue 2
83%
German Second Tier Bundesliga 2
80%
Spanish Second Tier LaLiga 2
74%
English Supercup Community Shield
71%
Italian Cup Coppa Italia
60%
French Cup Coupe de France
51%
German Cup DFB Pokal
49%
Spanish Supercup Supercopa España
49%
Turkish First Tier Super Lig
43%
Dutch First Tier Eredivisie
37%
Italian Supercup Supercoppa Italia
37%
Portuguese First Tier Liga Portugal
29%
Dutch Second Tier Eerste Divisie
23%
Portuguese Second Tier Liga Portugal 2
20%
Belgian First Tier Pro League
20%
German Supercup Beckenbauer Cup
17%
Dutch Cup KNVB Cup
14%
Portuguese Cup Taca Portugal
14%
French Supercup Trophee des Champions
14%
Portuguese Supercup Supertaca Portugal
11%
Belgian Second Tier Challenger Pro League
9%
Turkish Second Tier Lig 2
6%
Turkish Supercup Superkupa
6%
Belgian Cup Croky Cup
3%
Dutch Supercup Cruijff Shield
3%
Turkish Cup Kupasi
3%
Belgian Supercup Volkswagen Cup
3%
No matching quizzes found
Score Distribution
Percent of People with Each Score
Percentile by Number Answered
Your Score History
You have not taken this quiz since the last reset